01648 a2200181 45000010006000000050017000060080041000230030015000640400040000790800022001192450030001412500011001712640047001823000017002295051173002461000029014197000018014482918520260407155600.0260407a1951 arg spa dAR-UNSa-BCEJYS aAR-UNSa-BCEJYSbspacAR-UNSa-BCEJYS a657xContabilidad10aProblemas de contabilidad a4a. ed 1aBuenos Aires :bSelección Contablec1951 a10v.c23 cm. aTomo I: 1. Comercio, comerciantes y actos de comercio - 2. Comercio, comerciantes y actos de comercio( continuación) - 3. Compra -venta - 4. Documentos comerciales - Tomo II: 1. Documentos comerciales - 2. Libros de comercio - 3. La capacitación del empleado de comercio - Tomo III: 1. Sociedades - 2. Consignaciones - 3. Planes de contabilidad para ramos diversos - 4. Indicaciones utiles para la labor diaria - 5. Problemas contables diversos - Tomo IV: 1. Agentes auxiliares del comercio - 2. Teneduria de libros - Tomo V: 1. Cuenta corriente marcantil - 2. Planes de contabilidad para ramos diversos - Tomo VI: 1. Moneda - 2. Cambios - 3. Comercio de importación y exportación - Tomo VII: 1. Crédito , crédito personal, crédito prendario, crédito hipotecario - 2. Contabilidad centralizada, balance general - Tomo VIII: 1. Sociedades anónimas - 2. Debentures - Tomo IX: 1. Sociedad encomandita por acciones, cooperativas, asociaciones civiles - 2. Contabilidad agrícolo-ganadera - 3. Contabilidad industrial - Tomo X: 1. Bancos - 2. Operaciones de bolsa - 3. Seguros - 4. Organización contable de la gran empresa - 5. Transporte - 6. Balance.1 aSeoane, Joaquín Raúl1 aSeoane, Jorge